Building procurement (Record no. 114944)
[ view plain ]
| 000 -LEADER | |
|---|---|
| fixed length control field | 01613cam a2200325 4500 |
| 001 - CONTROL NUMBER | |
| control field | L157740 |
| 008 - FIXED-LENGTH DATA ELEMENTS--GENERAL INFORMATION | |
| fixed length control field | #DATE n2013 000 0 eng u |
| 020 ## - INTERNATIONAL STANDARD BOOK NUMBER | |
| International Standard Book Number | 9780470672433 |
| 035 ## - SYSTEM CONTROL NUMBER | |
| System control number | (Sirsi) u157740 |
| 041 0# - LANGUAGE CODE | |
| Language code of text/sound track or separate title | eng |
| 050 04 - LIBRARY OF CONGRESS CALL NUMBER | |
| Classification number | 658.404 $2 18 |
| 100 1# - MAIN ENTRY--PERSONAL NAME | |
| Personal name | Morledge, Roy |
| 245 00 - TITLE STATEMENT | |
| Title | Building procurement |
| 250 ## - EDITION STATEMENT | |
| Edition statement | 2nd ed. |
| 260 ## - PUBLICATION, DISTRIBUTION, ETC. | |
| Place of publication, distribution, etc. | Oxford |
| Name of publisher, distributor, etc. | Blackwell Publishing Ltd |
| Date of publication, distribution, etc. | 2013 |
| 300 ## - PHYSICAL DESCRIPTION | |
| Extent | xvi, 327p |
| Dimensions | 25cm. |
| 350 ## - PRICE (NR) (BK AM CF MU VM SE) [OBSOLETE] | |
| Price | 42.99 |
| 505 2# - FORMATTED CONTENTS NOTE | |
| Formatted contents note | Introduction -- Procurement strategy: a literature review -- Principles of strategic procurement -- Public sector projects -- Project initiation -- Briefing and the design process -- Procurement strategies and procurement routes -- Project team selection -- Managing the procurement process -- The value of design -- Risk management-- Partnering culture and the management of relationships -- Privately financed public sector projects -- Construction procurement: Europe, the Middle East and China --Procurement of work to heritage buildings -- Summary. |
| 520 ## - SUMMARY, ETC. | |
| Summary, etc. | Provides a critical review of current practices in building procurement, evaluates new approaches, particularly in the USA, and discusses the reasons behind the change in traditional UK procurement approaches. It also examines procurement practices in Europe, including EU procurement procedures, China and the USA. |
| 590 ## - LOCAL NOTE (RLIN) | |
| Local note | IKA230506 |
| 651 #4 - SUBJECT ADDED ENTRY--GEOGRAPHIC NAME | |
| Geographic name | United Kingdom |
| Chronological subdivision | |
| 651 #4 - SUBJECT ADDED ENTRY--GEOGRAPHIC NAME | |
| Geographic name | EUROPE |
| 651 #4 - SUBJECT ADDED ENTRY--GEOGRAPHIC NAME | |
| Geographic name | CHINA |
| 651 #4 - SUBJECT ADDED ENTRY--GEOGRAPHIC NAME | |
| Geographic name | UNITED STATES |
| 690 ## - LOCAL SUBJECT ADDED ENTRY--TOPICAL TERM (OCLC, RLIN) | |
| Topical term or geographic name as entry element | Procurement |
| 9 (RLIN) | 6260 |
| 700 1# - ADDED ENTRY--PERSONAL NAME | |
| Personal name | Smith, Adrian |
| 700 1# - ADDED ENTRY--PERSONAL NAME | |
| Personal name | Kashiwagi, Dean T. |
| 942 ## - ADDED ENTRY ELEMENTS (KOHA) | |
| Suppress in OPAC | 0 |
| Withdrawn status | Lost status | Source of classification or shelving scheme | Damaged status | Not for loan | Home library | Current library | Shelving location | Date acquired | Total Checkouts | Full call number | Barcode | Date last seen | Date last checked out | Copy number | Price effective from | Koha item type |
|---|---|---|---|---|---|---|---|---|---|---|---|---|---|---|---|---|
| Dewey Decimal Classification | London | London | Books | 24/04/2013 | 1 | 658.404 MOR | 30075193 | 06/08/2019 | 01/03/2016 | 1 | 06/08/2019 | Book |